|
|
|
|
| LEADER |
00000nam1a2200000 4500 |
| 001 |
36343 |
| 005 |
20231031001657.0 |
| 035 |
|
|
|a (RuTPU)RU\TPU\book\36813
|
| 035 |
|
|
|a BOOK00003465
|
| 090 |
|
|
|a 36343
|
| 100 |
|
|
|a 20011210d1991 km y0rusy50 ca
|
| 101 |
1 |
|
|a rus
|c eng
|
| 102 |
|
|
|a RU
|
| 200 |
1 |
|
|a Свободноконвективные течения, тепло- и массообмен
|e пер. с англ.
|e в 2 кн.
|f Б. Гебхарт [и др.]
|
| 210 |
|
|
|a Москва
|c Мир
|d 1991
|
| 701 |
|
1 |
|a Гебхарт
|b Б.
|
| 701 |
|
1 |
|a Джалурия
|b Й.
|
| 701 |
|
1 |
|a Махаджан
|b Р.
|
| 701 |
|
1 |
|a Саммакия
|b Б.
|
| 801 |
|
0 |
|a RU
|b 63413507
|c 20011210
|g PSBO
|
| 801 |
|
2 |
|a RU
|b 63413507
|c 20140514
|g PSBO
|
| 900 |
|
|
|a Спецкурс 51
|
| 942 |
|
|
|c BK
|